Halte des Fernverkehrs der Schweiz #5 - Statistiken

Allgemein
  • Dieses Quiz wurde 66 mal gespielt
  • Das Durchschnittsergebnis liegt bei 50 aus 66
Antwortstatistiken
Haltestellen % Korrekt
Bern
97%
Bern
97%
Zürich HB
97%
Zürich HB
97%
Zürich HB
97%
Zürich HB
97%
St. Gallen
95%
St. Gallen
95%
Winterthur
95%
Winterthur
95%
Luzern
92%
Luzern
92%
Chur
89%
Chur
89%
Olten
89%
Olten
89%
Zürich Flughafen
89%
Zürich Flughafen
89%
Sargans
86%
Sargans
86%
Sargans
86%
Wil SG
86%
Zug
86%
Zug
86%
Zürich Oerlikon
86%
Landquart
84%
Landquart
84%
Uzwil
84%
Frauenfeld
81%
Konstanz
81%
Kreuzlingen
81%
Burgdorf
78%
Burgdorf
78%
Gossau SG
78%
Bad Ragaz
76%
Bad Ragaz
76%
Flawil
76%
Weinfelden
76%
Buchs SG
73%
Buchs SG
73%
Rorschach
73%
Rorschach
73%
Thalwil
73%
Thalwil
73%
St. Margrethen SG
70%
St. Margrethen SG
70%
Baar
68%
Pfäffikon SZ
68%
Walenstadt
68%
Ziegelbrücke
68%
Langenthal
65%
Langenthal
65%
Rotkreuz
65%
Zürich Altstetten
65%
Herzogenbuchsee
59%
Herzogenbuchsee
59%
Wädenswil
59%
Altstätten SG
57%
Altstätten SG
57%
Maienfeld
57%
Maienfeld
57%
Unterterzen
41%
Siebnen-Wangen
35%
Wynigen
35%
Heerbrugg
32%
Heerbrugg
32%
Keine übereinstimmenden Quizze gefunden
Verteilung der Resultate
Anzahl Personen mit jedem Resultat
Perzentil nach korrekt beantworteten Fragen
Ihre Resultats-Entwicklung
Sie haben dieses Quiz noch nicht gespielt